[Event "It (Open) Moscow RUS"]
[Site "?"]
[Date "2006.02.14"]
[Round "8"]
[White "Ostrovskiy Andrey"]
[Black "Babuiian Levon"]
[Result "1-0"]
[WhiteElo "2403"]
[BlackElo "2398"]
[PlyCount "77"]
[EventDate "2006.??.??"]
[Source "www.chesslib.no"]
[SourceDate "2004.05.04"]

1. e4 a6 2. d4 b5 3. Nf3 Bb7 4. Bd3 e6 5. O-O c5 6. c3 Nf6 7. Nbd2 d5 8. e5 Ne4 9. Qe2 Nxd2 10. Bxd2 Be7 11. Be3 c4 12. Bc2 Nc6 13. Qd2 h6 14. h3 Qc7 15. Nh2 O-O-O 16. b3 g5 17. Ng4 h5 18. Nf6 g4 19. h4 Nb8 20. b4 Nd7 21. Bf4 Nxf6 22. exf6 Bd6 23. Bxd6 Qxd6 24. Qe3 Qf8 25. a4 Rh6 26. axb5 axb5 27. Ra5 Rxf6 28. Qe5 Qh6 29. Rxb5 Rd7 30. Rc5+ Kd8 31. Ba4 g3 32. Qxg3 Rf4 33. Bxd7 Kxd7 34. Qg5 Qxg5 35. hxg5 e5 36. dxe5 Ke6 37. Rc7 Ba8 38. Ra1 d4 39. Rxa8 1-0

[Event "RUS-ch U20"]
[Site "?"]
[Date "2000.??.??"]
[Round "5"]
[White "Batsanin Dmitry"]
[Black "Eliseev Alexey"]
[Result "1-0"]
[WhiteElo "2475"]
[BlackElo "2325"]
[PlyCount "53"]
[EventDate "2000.??.??"]
[Source "www.chesslib.no"]
[SourceDate "2004.05.04"]

1. e4 a6 2. d4 d6 3. f4 g6 4. Nf3 Bg7 5. Bd3 b6 6. O-O Bb7 7. c3 c5 8. Kh1 Nf6 9. Qe2 d5 10. e5 Ne4 11. Nbd2 Nxd2 12. Bxd2 Qc8 13. f5 gxf5 14. Ng5 e6 15. Qh5 Qd7 16. Bxf5 exf5 17. e6 Qe7 18. Rxf5 Rf8 19. Re1 Kd8 20. exf7 Qd6 21. Ne6+ Kd7 22. Nxg7 Qg6 23. Qh3 Bc8 24. Rf6+ Kc7 25. Bf4+ Kd8 26. Rxg6 Bxh3 27. Re8+ 1-0

[Event "Corr"]
[Site "?"]
[Date "1995.11.15"]
[Round "?"]
[White "Kramer Svend Erik (DEN)"]
[Black "Donskikh Yury Fedorovich (RU"]
[Result "0-1"]
[WhiteElo "2390"]
[BlackElo "2405"]
[PlyCount "88"]
[EventDate "1995.??.??"]
[Source "www.chesslib.no"]
[SourceDate "2004.05.04"]

1. e4 a6 2. d4 b5 3. Nf3 Bb7 4. Bd3 e6 5. Qe2 c5 6. c3 Nf6 7. Bg5 h6 8. Bh4 cxd4 9. cxd4 Nc6 10. h3 Nb4 11. Nbd2 Nxd3+ 12. Qxd3 Be7 13. O-O d6 14. Rac1 O-O 15. Rc2 Qd7 16. Rfc1 Rfc8 17. b4 Rxc2 18. Rxc2 Rc8 19. a3 Rxc2 20. Qxc2 g5 21. Bg3 Qc6 22. Qxc6 Bxc6 23. e5 dxe5 24. Nxe5 Bd5 25. Nd3 Nd7 26. f3 f5 27. Bc7 Kf7 28. Kf2 h5 29. f4 g4 30. hxg4 fxg4 31. Nf1 h4 32. Ne3 g3+ 33. Kf1 Be4 34. Nc1 Bf6 35. Be5 Nxe5 36. dxe5 Bd8 37. Nb3 Bb6 38. Nc5 Bxc5 39. bxc5 a5 40. Kg1 Ke7 41. Nf1 Kd7 42. Nd2 Bd5 43. Kf1 Kc6 44. Nb1 Kxc5 0-1

[Event "FSIM August"]
[Site "Budapest"]
[Date "2003.08.07"]
[Round "6"]
[White "Werner, Dimo"]
[Black "Chetverik, Maxim"]
[Result "0-1"]
[WhiteElo "2376"]
[BlackElo "2408"]
[PlyCount "87"]
[EventDate "2003.08.02"]
[Source "Roberto Alvarez"]
[SourceDate "2003.08.18"]

1. e4 a6 2. c4 e5 3. Nf3 Nc6 4. d4 exd4 5. Nxd4 Qh4 6. Nc2 Qxe4+ 7. Be3 Nb4 8. Nxb4 Bxb4+ 9. Nd2 Nf6 10. Qb3 Bxd2+ 11. Kxd2 O-O 12. Bd3 Qe6 13. Rac1 Ne4+ 14. Bxe4 Qxe4 15. f3 Qg6 16. g4 b6 17. c5 Bb7 18. cxb6 cxb6 19. Rhf1 b5 20. Qd3 Qe6 21. b3 Bc6 22. Qd4 a5 23. Rc5 Rfe8 24. f4 Qe4 25. Qxe4 Rxe4 26. Re5 f6 27. Rxe4 Bxe4 28. Rc1 Bc6 29. a3 Re8 30. Rc5 a4 31. b4 Kf7 32. h4 g6 33. g5 Re4 34. Rc1 fxg5 35. hxg5 Bd5 36. Rc8 Bc4 37. Rh8 d5 38. Rxh7+ Ke6 39. Rg7 d4 40. Rxg6+ Kd5 41. Bg1 Re2+ 42. Kd1 Rg2 43. Bxd4 Kxd4 44. Rd6+ 0-1

[Event "World ch girls -16"]
[Site "Bratislava SVK"]
[Date "1993.??.??"]
[Round "8"]
[White "Vescovi, Giovanni P"]
[Black "Avrukh, Boris"]
[Result "1-0"]
[WhiteElo "2340"]
[BlackElo "2440"]
[PlyCount "115"]
[EventDate "1993.??.??"]
[Source "www.chesslib.no"]
[SourceDate "2004.05.04"]

1. e4 a6 2. d4 b5 3. Bd3 Bb7 4. Nf3 e6 5. O-O c5 6. c3 Nf6 7. Nbd2 d5 8. e5 Nfd7 9. Re1 Nc6 10. Nf1 Be7 11. Ng3 h5 12. Ne2 Nb6 13. a3 Rc8 14. Nd2 Ba8 15. f4 g6 16. Nf3 h4 17. g4 hxg3 18. hxg3 Kd7 19. Kg2 Rh7 20. dxc5 Bxc5 21. Ned4 Qh8 22. Bb1 Rh5 23. b3 Qh7 24. Be3 Rh8 25. Rg1 Bb7 26. Bd3 Rh3 27. Qe1 Qh5 28. Nh4 Bxd4 29. cxd4 Qg4 30. Be2 Rxg3+ 31. Qxg3 Qxe2+ 32. Bf2 Nxd4 33. Rge1 Qb2 34. Rab1 Qa2 35. Ra1 Qb2 36. Rab1 Qc2 37. Rbc1 Qb2 38. Qc3 Qxc3 39. Rxc3 Nc6 40. Nf3 d4 41. Rd3 Nd5 42. Re4 b4 43. a4 Rc8 44. Kg3 Na5 45. Bxd4 Rc1 46. Bf2 Ke8 47. Re1 Ne7 48. Rxc1 Nf5+ 49. Kg4 Nh6+ 50. Kg5 Nf5 51. Rc7 Be4 52. Ne1 Bxd3 53. Nxd3 Nxb3 54. Be1 Nbd4 55. Bxb4 Kd8 56. Rb7 Nc6 57. Bd6 Kc8 58. Rc7+ 1-0

[Event "JUG Ch"]
[Site "Kladovo"]
[Date "1991.??.??"]
[Round "12"]
[White "Stanojoski, Zvonko"]
[Black "Sulava, Nenad"]
[Result "1-0"]
[WhiteElo "2370"]
[BlackElo "2405"]
[PlyCount "47"]
[EventDate "1991.02.??"]
[Source "www.chesslib.no"]
[SourceDate "2004.05.04"]

1. e4 a6 2. d4 e6 3. Nf3 b5 4. Bd3 Bb7 5. O-O Nf6 6. Re1 c5 7. c3 Nc6 8. e5 Nd5 9. Be4 c4 10. Ng5 Be7 11. Qh5 g6 12. Qh6 Bf8 13. Qh3 Bg7 14. Nxh7 Nce7 15. Bg5 Qc7 16. Bf6 Nf4 17. Qh4 Nh5 18. Bxe7 Bxe4 19. Bd6 Qd8 20. Qxe4 Rxh7 21. g4 Rc8 22. gxh5 Rxh5 23. Kh1 Qb6 24. Nd2 1-0

[Event "NATT4-05 9599"]
[Site "NATT4-05 9599"]
[Date "1995.??.??"]
[Round "?"]
[White "Albano, Anthony"]
[Black "Canal Oliveras, Joan"]
[Result "1-0"]
[WhiteElo "2415"]
[BlackElo "2350"]
[PlyCount "59"]
[EventDate "1995.??.??"]
[Source "www.chesslib.no"]
[SourceDate "2004.05.04"]

1. e4 a6 2. d4 b5 3. Be3 Bb7 4. f3 e6 5. Nd2 f5 6. exf5 exf5 7. Bd3 Qh4+ 8. Bf2 Qg5 9. Qe2+ Ne7 10. Bg3 d6 11. a4 Nbc6 12. c3 b4 13. Nh3 Qf6 14. O-O Kd7 15. Rfe1 g6 16. Nf4 Bh6 17. Bc4 Nd8 18. Nb3 Bxf4 19. Bxf4 Nd5 20. Bxd5 Bxd5 21. c4 Bf7 22. Qd2 Re8 23. Bg5 Qg7 24. d5 c5 25. Rxe8 Bxe8 26. Re1 Qf8 27. Qe3 Bf7 28. Qe7+ Qxe7 29. Rxe7+ Kc8 30. Bf4 1-0

[Event "Reykjavik International"]
[Site "Reykjavik ISL"]
[Date "2007.04.17"]
[Round "7"]
[White "Kjartansson, G."]
[Black "Meijers, V."]
[Result "0-1"]
[WhiteElo "2279"]
[BlackElo "2485"]
[PlyCount "128"]
[EventDate "2007.04.11"]
[Source "www.chesslib.no"]
[SourceDate "2004.05.04"]

1. e4 a6 2. d4 b5 3. Nf3 e6 4. Bd3 Bb7 5. O-O c5 6. c3 d5 7. e5 Nc6 8. Be3 cxd4 9. cxd4 Nge7 10. Nc3 Qd7 11. Rc1 Rc8 12. Ne2 Nf5 13. Bxf5 exf5 14. Ne1 Nd8 15. Nd3 Ne6 16. Bd2 Be7 17. Bb4 Bxb4 18. Nxb4 O-O 19. Qd2 a5 20. Nd3 b4 21. Nef4 Ba6 22. Nxe6 fxe6 23. Nc5 Rxc5 24. Rxc5 Bxf1 25. Kxf1 Ra8 26. Kg1 Ra7 27. Qc2 a4 28. Rc8+ Kf7 29. h3 b3 30. axb3 axb3 31. Qc5 h6 32. Kh2 Kg6 33. Rc6 Kf7 34. Rb6 Rb7 35. Rd6 Qc7 36. Rc6 Qe7 37. Qa5 Qb4 38. Qa8 Re7 39. Rc3 Qxd4 40. Qb8 Qxf2 41. Rxb3 Qf4+ 42. Kh1 Qc1+ 43. Kh2 Qc7 44. Kg3 Qxb8 45. Rxb8 g5 46. h4 Kg6 47. hxg5 hxg5 48. Rf8 Rb7 49. Rf6+ Kh5 50. Rxe6 f4+ 51. Kh2 Rxb2 52. Rf6 Re2 53. e6 Kg4 54. Kg1 d4 55. Kf1 d3 56. Rh6 Re3 57. e7 Rxe7 58. Rd6 Re3 59. Kf2 Kf5 60. Rd5+ Ke4 61. Rd8 g4 62. Re8+ Kd4 63. Rd8+ Kc3 64. Rc8+ Kd2 0-1

[Event "Bad Zwesten op 6th"]
[Site "Bad Zwesten"]
[Date "2002.01.10"]
[Round "9"]
[White "Boudre, Jean Pierre"]
[Black "Heinzel, Olaf"]
[Result "1-0"]
[WhiteElo "2384"]
[BlackElo "2378"]
[PlyCount "95"]
[EventDate "2002.01.04"]
[Source "ChessBase"]
[SourceDate "2002.03.14"]

1. e4 a6 2. d4 b5 3. Bd3 Bb7 4. Bg5 Nf6 5. f3 e6 6. Ne2 Be7 7. Nd2 d6 8. c3 c5 9. a4 c4 10. Bc2 Nbd7 11. O-O Qc7 12. Qe1 Rb8 13. axb5 axb5 14. f4 h6 15. Bxf6 Bxf6 16. e5 Be7 17. Qg3 g6 18. Qh3 Bd5 19. Nf3 Qb7 20. Qg3 Be4 21. Bxe4 Qxe4 22. Qf2 O-O 23. exd6 Bxd6 24. Ne5 Nf6 25. Ng3 Qb7 26. Qe2 Ra8 27. Rxa8 Rxa8 28. Nxg6 Qd5 29. Ne5 Ra2 30. f5 b4 31. fxe6 Qxe6 32. Qf3 Bxe5 33. dxe5 Nd5 34. Nh5 Kf8 35. Rd1 bxc3 36. bxc3 Ra5 37. h3 Qxe5 38. Qg4 Qe3+ 39. Kh1 Qe5 40. Qc8+ Qe8 41. Qxc4 Qe5 42. Qc8+ Ke7 43. Ng7 Qxc3 44. Qe8+ Kd6 45. Nf5+ Kc5 46. Qf8+ Kc4 47. Qxf7 Qe5 48. Nxh6 1-0

[Event "Gyongyos Matra Cup"]
[Site "?"]
[Date "1998.??.??"]
[Round "4"]
[White "Szabo Zsolt Jozsef"]
[Black "Chetverik Maxim"]
[Result "1-0"]
[WhiteElo "2430"]
[BlackElo "2330"]
[PlyCount "85"]
[EventDate "1998.??.??"]
[Source "www.chesslib.no"]
[SourceDate "2004.05.04"]

1. e4 a6 2. d4 b5 3. Bd3 Bb7 4. Ne2 e6 5. O-O c5 6. c3 Nf6 7. f3 Nc6 8. Bc2 Rc8 9. a3 Qb6 10. Kh1 cxd4 11. cxd4 Na5 12. b3 b4 13. a4 Be7 14. Qd3 d6 15. Bb2 Nd7 16. Nd2 Bf6 17. f4 g6 18. Rf2 Bh4 19. Rf3 O-O 20. Rh3 Qd8 21. Rf1 f5 22. Bb1 Bf6 23. Qg3 Bg7 24. Nf3 Qe8 25. Qh4 h5 26. Ng5 Nf6 27. d5 exd5 28. e5 dxe5 29. fxe5 Ne4 30. Nf4 Nd2 31. Rd1 Nxb1 32. Rxb1 d4 33. Bxd4 Bxe5 34. Nfe6 Bxd4 35. Qxd4 Qe7 36. Rg3 Qf6 37. Qxb4 Qe5 38. Nxf8 Rxf8 39. Re1 Qd5 40. Nf3 Rf6 41. Qe7 Rf7 42. Rxg6+ Kh7 43. Qg5 1-0

[Event "Ceske Budejovice Open"]
[Site "Ceske Budejovice CZE"]
[Date "1995.??.??"]
[Round "5"]
[White "Stripunsky, Alexander"]
[Black "Hosticka, Frantisek"]
[Result "1-0"]
[WhiteElo "2495"]
[BlackElo "2265"]
[PlyCount "70"]
[EventDate "1995.??.??"]
[Source "www.chesslib.no"]
[SourceDate "2004.05.04"]

1. e4 a6 2. Nf3 b5 3. Bd3 Bb7 4. O-O c5 5. c3 g6 6. Re1 Nc6 7. a4 b4 8. Bc4 Bg7 9. d4 cxd4 10. cxd4 Qc7 11. Ba2 Rc8 12. Qb3 e6 13. d5 Nd4 14. Nxd4 Bxd4 15. Qxb4 Qxc1 16. Nc3 Bxc3 17. bxc3 Qxc3 18. Qxb7 a5 19. dxe6 fxe6 20. Rad1 Qc7 21. Qb2 Qc3 22. Qb5 Qc6 23. Qe5 Qc3 24. Qd6 Rc7 25. Qf4 Rc5 26. Rc1 Qe5 27. Qxe5 Rxe5 28. f4 Rh5 29. Rc8+ Ke7 30. Rb1 g5 31. f5 Rh4 32. e5 Rxa4 33. Bxe6 Rb4 34. Rxb4 axb4 35. Bxg8 b3 1-0

[Event "Open A"]
[Site "?"]
[Date "2005.07.28"]
[Round "7"]
[White "Jasik Krzysztof"]
[Black "Janturin Artur"]
[Result "1/2-1/2"]
[WhiteElo "2341"]
[BlackElo "2417"]
[PlyCount "23"]
[EventDate "2005.??.??"]
[Source "www.chesslib.no"]
[SourceDate "2004.05.04"]

1. e4 a6 2. d4 b5 3. a4 Bb7 4. Bd3 Nf6 5. Nd2 e6 6. Ngf3 c5 7. axb5 axb5 8. Rxa8 Bxa8 9. dxc5 Bxc5 10. O-O b4 11. Qe2 Be7 12. Nb3 1/2-1/2

[Event "FSGM September"]
[Site "Budapest"]
[Date "2004.09.15"]
[Round "12"]
[White "Malysheva, Polina"]
[Black "Paschall, William M"]
[Result "0-1"]
[WhiteElo "2364"]
[BlackElo "2389"]
[PlyCount "68"]
[EventDate "2004.09.04"]
[Source "Roberto Alvarez"]
[SourceDate "2004.09.21"]

1. e4 a6 2. d4 b5 3. Nf3 Bb7 4. Bd3 e6 5. O-O c5 6. c3 Nf6 7. Qe2 Be7 8. Nbd2 cxd4 9. cxd4 Nc6 10. Rd1 Rc8 11. Nf1 Nb4 12. Bb1 Qc7 13. Ne1 Qc4 14. Qe3 Ng4 15. Qd2 Nc6 16. Nf3 Nb4 17. Qf4 h5 18. Be3 f6 19. a3 g5 20. Qg3 Qb3 21. Rd2 Nxe3 22. fxe3 Nc2 23. Bxc2 Rxc2 24. Qb8+ Bc8 25. d5 e5 26. d6 Bd8 27. Rxc2 Qxc2 28. Ng3 O-O 29. Nf5 Re8 30. Qa8 Qc6 31. Qxc6 dxc6 32. Rc1 Bd7 33. b4 Bb6 34. Ne7+ Rxe7 0-1

[Event "Corr"]
[Site "?"]
[Date "1999.02.15"]
[Round "?"]
[White "Dolgov Igor Mikhailovich ("]
[Black "Lyukmanov Vyacheslav Borisovi"]
[Result "1-0"]
[WhiteElo "2332"]
[BlackElo "2419"]
[PlyCount "119"]
[EventDate "1999.??.??"]
[Source "www.chesslib.no"]
[SourceDate "2004.05.04"]

1. e4 a6 2. d4 b5 3. Nf3 Bb7 4. Bd3 e6 5. O-O c5 6. c3 Nf6 7. Re1 d6 8. Nbd2 Nbd7 9. e5 Nd5 10. Ne4 dxe5 11. dxe5 Qc7 12. Bg5 h6 13. Bh4 c4 14. Bc2 Nc5 15. Qd2 Nxe4 16. Bxe4 Be7 17. Bxe7 Qxe7 18. Nd4 O-O 19. f4 Rad8 20. f5 exf5 21. Nxf5 Qxe5 22. Nxh6+ Kh8 23. Rad1 Qf6 24. Ng4 Qb6+ 25. Qd4 Qxd4+ 26. Rxd4 f5 27. Bxd5 Rxd5 28. Rxd5 Bxd5 29. Ne5 Kh7 30. Rd1 Bb7 31. Rd6 f4 32. Kf2 Rf5 33. Nf3 Rd5 34. Rb6 Rd7 35. Ng5+ Kh8 36. h4 Rd2+ 37. Ke1 Rd7 38. Re6 Bd5 39. Re8+ Bg8 40. Ke2 b4 41. cxb4 Rb7 42. a3 a5 43. bxa5 Rxb2+ 44. Kf3 Rb3+ 45. Kxf4 Rxa3 46. Re5 c3 47. Ke3 Ra4 48. Kd3 Rxh4 49. Re3 g6 50. Rh3 Rxh3+ 51. gxh3 Bc4+ 52. Kxc3 Ba6 53. Kd4 Kg7 54. Ke5 Kh6 55. Kf4 Bc8 56. Nf7+ Kg7 57. Nd6 Bxh3 58. a6 Bd7 59. Ke5 Bc6 60. Ne8+ 1-0

[Event "Grindavik"]
[Site "Grindavik"]
[Date "1984.??.??"]
[Round "8"]
[White "Asmundsson, Ingvar"]
[Black "Gudmundsson, Elvar"]
[Result "1-0"]
[WhiteElo "2405"]
[BlackElo "2330"]
[PlyCount "43"]
[EventDate "1984.03.??"]
[Source "ChessBase"]

1. e4 a6 2. d4 b5 3. a3 b4 4. Be3 Bb7 5. Nd2 Nf6 6. Bd3 e6 7. f3 d5 8. e5 Nfd7 9. f4 c5 10. Ngf3 cxd4 11. Nxd4 Nc5 12. O-O Nxd3 13. cxd3 Bc5 14. N2b3 Ba7 15. f5 exf5 16. Rxf5 O-O 17. Kh1 Bc8 18. Bg5 Qe8 19. Bf6 gxf6 20. Qg4+ Kh8 21. Qh4 Rg8 22. Rh5 1-0

[Event "Melbourne Masters"]
[Site "Melbourne AUS"]
[Date "1993.??.??"]
[Round "6"]
[White "Levi, Eddy"]
[Black "Gluzman, Mikhail"]
[Result "1/2-1/2"]
[WhiteElo "2295"]
[BlackElo "2440"]
[PlyCount "88"]
[EventDate "1993.??.??"]
[Source "www.chesslib.no"]
[SourceDate "2004.05.04"]

1. e4 a6 2. Nf3 b5 3. d4 Bb7 4. Bd3 d6 5. O-O Nd7 6. Bf4 e6 7. a4 bxa4 8. c4 Ne7 9. Bg3 Ng6 10. h4 e5 11. h5 Nf4 12. Bxf4 exf4 13. Nc3 g5 14. Nh2 Bg7 15. Bc2 h6 16. Re1 Kf8 17. Bxa4 Rb8 18. Ng4 Nf6 19. Nxf6 Bxf6 20. e5 dxe5 21. dxe5 Qxd1 22. Raxd1 Be7 23. Rd7 Bc8 24. Rxc7 Bd8 25. Rc6 Kg7 26. Nd5 Ba5 27. b4 Bxb4 28. Rb1 Bd6 29. Rxb8 Bxb8 30. Ne7 Be6 31. Rxa6 Bxe5 32. Ng6 Bxc4 33. Ra7 Bb8 34. Rb7 Bd5 35. Rd7 Re8 36. Rxd5 Re1+ 37. Kh2 f3+ 38. Ne5 Bxe5+ 39. g3 Re2 40. Kg1 Re1+ 41. Kh2 Bf6 42. Bb3 g4 43. Rd7 Be7 44. Rc7 Rb1 1/2-1/2

[Event "BL 0203 (Women)"]
[Site "?"]
[Date "2003.02.15"]
[Round "8.2"]
[White "Kovalevskaya Ekaterina"]
[Black "Dergatschova Daus Anna"]
[Result "1-0"]
[WhiteElo "2486"]
[BlackElo "2247"]
[PlyCount "77"]
[EventDate "2003.??.??"]
[Source "www.chesslib.no"]
[SourceDate "2004.05.04"]

1. e4 a6 2. d4 b5 3. Nf3 Bb7 4. Bd3 e6 5. O-O c5 6. c3 d6 7. Qe2 Be7 8. dxc5 dxc5 9. e5 Nd7 10. Be4 Bxe4 11. Qxe4 h5 12. a4 b4 13. Nbd2 Ra7 14. Nc4 Nh6 15. Bxh6 Rxh6 16. Rfd1 bxc3 17. bxc3 g5 18. Rab1 Qc7 19. h4 gxh4 20. Nxh4 Kf8 21. Qf4 Kg7 22. Nd6 Bxd6 23. Rxd6 f6 24. exf6+ Rxf6 25. Qg5+ Kf7 26. Rbd1 Nf8 27. Qxh5+ Ke7 28. Qg5 Kf7 29. Nf3 Ng6 30. Qh5 Kg8 31. Qg4 Qa5 32. Rd8+ Kg7 33. Ng5 Qxc3 34. Nxe6+ Kf7 35. Ng5+ Kg7 36. Ne4 Qe5 37. Nxf6 Qxf6 38. R8d6 Qf7 39. Rd7 1-0

[Event "Marlboro, MA"]
[Site "?"]
[Date "2002.09.01"]
[Round "3"]
[White "Friedel Josh"]
[Black "Paschall William"]
[Result "1-0"]
[WhiteElo "2266"]
[BlackElo "2467"]
[PlyCount "125"]
[EventDate "2002.??.??"]
[Source "www.chesslib.no"]
[SourceDate "2004.05.04"]

1. e4 a6 2. d4 b5 3. Bd3 Bb7 4. Nf3 e6 5. O-O c5 6. c3 Nf6 7. Re1 cxd4 8. cxd4 Be7 9. a4 Nc6 10. axb5 Nb4 11. bxa6 Nxd3 12. Qxd3 Qb6 13. e5 Nd5 14. Nc3 Nb4 15. Qb5 Rxa6 16. Bg5 f6 17. Rxa6 Qxa6 18. exf6 gxf6 19. Bxf6 Bxf6 20. Qxb4 Bxf3 21. gxf3 Rg8+ 22. Kh1 Qd3 23. Qb8+ Bd8 24. Qf4 Rf8 25. Qe4 Rxf3 26. d5 Qxe4 27. Nxe4 Kf7 28. Rd1 exd5 29. Rxd5 Ke6 30. Rh5 Rf7 31. Nc5+ Ke7 32. Kg2 Bb6 33. Ne4 Rg7+ 34. Kf3 Kd8 35. h4 Bd4 36. b4 Rf7+ 37. Ke2 Re7 38. Kd3 Bb6 39. f4 Kc7 40. Nc3 Re3+ 41. Kc4 Rh3 42. Nd5+ Kb7 43. Rxh7 Bf2 44. Kb5 Rxh4 45. Rxd7+ Kc8 46. Kc6 Rh1 47. Rc7+ Kb8 48. Rf7 Rc1+ 49. Kd6 Rb1 50. Rc7 Bg3 51. Rc4 Kb7 52. Re4 Ka6 53. b5+ Ka5 54. b6 Ka6 55. Ke6 Rc1 56. Ra4+ Kb7 57. Ra7+ Kc8 58. Kf5 Kb8 59. Nb4 Kc8 60. Rg7 Bxf4 61. b7+ Kd8 62. Rg8+ Kd7 63. Kxf4 1-0

[Event "NED Ch sf"]
[Site "Enschede NED"]
[Date "1995.??.??"]
[Round "8"]
[White "Hendriks, Willy"]
[Black "Wuts, Frank"]
[Result "1-0"]
[WhiteElo "2380"]
[BlackElo "2350"]
[PlyCount "67"]
[EventDate "1995.??.??"]
[Source "www.chesslib.no"]
[SourceDate "2004.05.04"]

1. e4 a6 2. d4 b5 3. Nf3 e6 4. Bd3 c5 5. c3 Bb7 6. O-O Nf6 7. Re1 h6 8. Nbd2 Be7 9. Qe2 Nc6 10. dxc5 Bxc5 11. e5 Nd5 12. Ne4 Be7 13. a4 bxa4 14. Rxa4 Qc7 15. Ng3 Qb6 16. Qc2 Rc8 17. Qe2 Na5 18. Nd4 g5 19. Ne4 Rg8 20. Qh5 Nb3 21. Nxb3 Qxb3 22. Rd4 Nf4 23. Bxf4 gxf4 24. Qxh6 Qxb2 25. Rb1 Qa3 26. Qh7 Kf8 27. Rxb7 Qc1+ 28. Bf1 f3 29. g3 Rg7 30. Qh8+ Rg8 31. Qh5 Kg7 32. Qxf3 Rh8 33. Rdxd7 Rxh2 34. Rxe7 1-0

[Event "Norwich U18"]
[Site "Norwich ENG"]
[Date "1972.04.07"]
[Round "10"]
[White "Sax, Gyula"]
[Black "McKay, Roderick M"]
[Result "1-0"]
[WhiteElo "2400"]
[BlackElo "2330"]
[PlyCount "69"]
[EventDate "1972.03.28"]
[Source "www.chesslib.no"]
[SourceDate "2004.05.04"]

1. e4 a6 2. Nf3 b5 3. d4 Bb7 4. Bd3 e6 5. a4 b4 6. O-O c5 7. c3 Nc6 8. d5 Na5 9. cxb4 cxb4 10. Re1 Bc5 11. Bg5 Qb6 12. Qe2 Ne7 13. Nbd2 h6 14. Bh4 O-O 15. Rac1 Ng6 16. Bg3 exd5 17. exd5 Bxd5 18. Bxg6 fxg6 19. Qd3 Rf5 20. Re5 Bxf3 21. Nxf3 Rc8 22. Kf1 Rf7 23. Qd5 d6 24. Re7 Rcf8 25. Ne5 dxe5 26. Rxc5 Kh7 27. Rxf7 Rxf7 28. Rxa5 Rc7 29. Qxe5 Rc1+ 30. Ke2 Rc6 31. Kd3 b3 32. Rd5 Qb4 33. Rd4 Qb7 34. Qd5 a5 35. Rc4 1-0

[Event "Jch-RUS b20"]
[Site "Essentuki"]
[Date "2003.03.09"]
[Round "7"]
[White "Markarov, Arsen"]
[Black "Janturin, Artur"]
[Result "1/2-1/2"]
[WhiteElo "2319"]
[BlackElo "2411"]
[PlyCount "128"]
[EventDate "2003.03.02"]
[Source "Roberto Alvarez"]
[SourceDate "2003.03.10"]

1. e4 a6 2. d4 b5 3. Nf3 Bb7 4. Bd3 e6 5. O-O c5 6. c3 Nf6 7. Qe2 Be7 8. Nbd2 Nc6 9. dxc5 Bxc5 10. a4 b4 11. e5 Ng8 12. Ne4 Be7 13. Bf4 f5 14. exf6 Nxf6 15. Nd6+ Bxd6 16. Bxd6 bxc3 17. bxc3 Ne7 18. Rab1 Bxf3 19. Qxf3 O-O 20. Qb7 a5 21. Bb5 Rf7 22. Qc7 Qxc7 23. Bxc7 Ned5 24. Be5 Ne4 25. Rbc1 Rc8 26. c4 Nb4 27. f3 Nd3 28. fxe4 Rxf1+ 29. Rxf1 Nxe5 30. Rd1 Kf8 31. Rd6 Rc7 32. Kf2 Ke7 33. Rd4 d6 34. Ke2 Rc8 35. h3 g5 36. Ke3 h5 37. Ke2 h4 38. Ke3 Rf8 39. Rd2 g4 40. hxg4 Nxg4+ 41. Kd4 e5+ 42. Kc3 Rf2 43. Rxf2 Nxf2 44. Bc6 Ng4 45. Kd3 Kd8 46. Bd5 Kc7 47. Be6 Nf6 48. c5 dxc5 49. Bf5 Kc6 50. Bg6 Ng4 51. Bf5 c4+ 52. Ke2 Nf6 53. Kd2 Kc5 54. Kc3 Nh5 55. Bg4 Nf4 56. Bf3 Ne6 57. Bg4 Nd4 58. Bd1 Nc6 59. Be2 Na7 60. Bg4 Nc6 61. Be2 Ne7 62. Bxc4 Nc8 63. Be6 Nb6 64. Bb3 Kd6 1/2-1/2

[Event "Corr"]
[Site "?"]
[Date "1996.04.15"]
[Round "?"]
[White "Espindola Carlos Alejandro (A"]
[Black "Donskikh Yury Fedorovich (RU"]
[Result "1/2-1/2"]
[WhiteElo "2325"]
[BlackElo "2405"]
[PlyCount "72"]
[EventDate "1996.??.??"]
[Source "www.chesslib.no"]
[SourceDate "2004.05.04"]

1. e4 a6 2. d4 b5 3. Nf3 Bb7 4. Bd3 e6 5. O-O c5 6. c3 Nf6 7. Nbd2 d6 8. Qe2 Be7 9. a4 c4 10. Bc2 O-O 11. Re1 Nc6 12. Nf1 Qc7 13. Ng3 Rfd8 14. Bf4 e5 15. Bd2 Re8 16. axb5 axb5 17. d5 Na5 18. Nh4 g6 19. Nf3 Nd7 20. Be3 Nc5 21. Nd2 Ra6 22. Ra3 Rea8 23. Rea1 Bc8 24. Qf1 Bd7 25. f4 Qc8 26. f5 Bd8 27. Qf2 Nd3 28. Bxd3 cxd3 29. Rf1 Be8 30. fxg6 hxg6 31. Rfa1 Nc4 32. Nxc4 bxc4 33. Nf5 Rxa3 34. Nh6+ Kf8 35. bxa3 f6 36. Rf1 Qd7 1/2-1/2

[Event "Corr"]
[Site "?"]
[Date "1996.04.15"]
[Round "?"]
[White "Dziel Jaromir (POL)"]
[Black "Donskikh Yury Fedorovich (RU"]
[Result "0-1"]
[WhiteElo "2320"]
[BlackElo "2405"]
[PlyCount "84"]
[EventDate "1996.??.??"]
[Source "www.chesslib.no"]
[SourceDate "2004.05.04"]

1. e4 a6 2. d4 b5 3. Nf3 Bb7 4. Bd3 e6 5. c3 c5 6. O-O Nf6 7. e5 Nd5 8. a4 c4 9. Be2 Nc6 10. axb5 axb5 11. Rxa8 Qxa8 12. b3 Qa2 13. bxc4 bxc4 14. Nfd2 Na5 15. Bf3 Be7 16. Be4 O-O 17. Nf3 h6 18. Re1 Nb3 19. Re2 Qa1 20. Bb2 Qa8 21. Bxd5 Bxd5 22. Ne1 Be4 23. f3 Bf5 24. Nd2 Nxd2 25. Qxd2 Rb8 26. f4 Be4 27. h3 Rb3 28. Bc1 Rb1 29. g3 h5 30. Qe3 Qa1 31. Bd2 Bd3 32. Rf2 d5 33. exd6 Bxd6 34. Kh2 h4 35. gxh4 Be7 36. Rg2 Bxh4 37. Rg1 Rd1 38. Nxd3 cxd3 39. Kg2 Rxg1+ 40. Qxg1 Qa8+ 41. Kh2 Qf3 42. Qg2 Qe2 0-1

[Event "Erkel mem op"]
[Site "?"]
[Date "2000.??.??"]
[Round "?"]
[White "Vujosevic Vladimir"]
[Black "Chetverik Maxim"]
[Result "1-0"]
[WhiteElo "2410"]
[BlackElo "2315"]
[PlyCount "101"]
[EventDate "2000.??.??"]
[Source "www.chesslib.no"]
[SourceDate "2004.05.04"]

1. e4 a6 2. d4 b5 3. Bd3 Bb7 4. Nf3 Nf6 5. Nbd2 e6 6. Qe2 c5 7. c3 cxd4 8. cxd4 Qb6 9. O-O Be7 10. a4 Nc6 11. axb5 axb5 12. Rxa8+ Bxa8 13. d5 exd5 14. e5 Nh5 15. Nb3 g6 16. Bh6 g5 17. Nxg5 Nf4 18. Qf3 Nxd3 19. Qxd3 Nxe5 20. Qf5 Qf6 21. Nd4 Qxf5 22. Nxf5 f6 23. Re1 Bb4 24. Re2 fxg5 25. Rxe5+ Kf7 26. Bxg5 Re8 27. Rxe8 Kxe8 28. Be3 Bf8 29. Bd4 b4 30. f4 Bb7 31. Ne3 h5 32. Kf2 Kf7 33. g3 Kg6 34. h3 Bc6 35. g4 hxg4 36. hxg4 d6 37. b3 Bg7 38. f5+ Kf7 39. Bxg7 Kxg7 40. Nc2 d4 41. Nxd4 Bd5 42. g5 Kf7 43. Kg3 Kg7 44. Kg4 Kf7 45. Kh5 Kg7 46. f6+ Kf7 47. Kh6 Be4 48. Nb5 Bd5 49. Nxd6+ Kg8 50. f7+ Kf8 51. g6 1-0

[Event "Corr"]
[Site "?"]
[Date "1995.11.15"]
[Round "?"]
[White "Viard Dominique"]
[Black "Donskikh Yury Fedorovich (RU"]
[Result "0-1"]
[WhiteElo "2320"]
[BlackElo "2405"]
[PlyCount "58"]
[EventDate "1995.??.??"]
[Source "www.chesslib.no"]
[SourceDate "2004.05.04"]

1. e4 a6 2. d4 b5 3. a4 Bb7 4. axb5 Bxe4 5. Nc3 axb5 6. Bf4 Bxc2 7. Qc1 Rxa1 8. Qxa1 e6 9. Bxb5 c6 10. Qa7 cxb5 11. Bxb8 Bb4 12. Bc7 Qc8 13. Ba5 Bxc3+ 14. Bxc3 Ne7 15. Ne2 Nd5 16. Bd2 O-O 17. O-O Qc4 18. Nf4 Nf6 19. Rc1 g5 20. Nh3 h6 21. Nxg5 hxg5 22. Bxg5 Ne4 23. Bh6 Qe2 24. d5 Re8 25. f3 Nd6 26. Qxd7 Qe5 27. h3 Kh7 28. Rxc2 Kxh6 29. dxe6 Ra8 0-1